000 00771nam a2200241 i 4500
001 C2-0307889
003 PPAK
005 20180728094641.0
008 110331s2011 my a|||| ||||| | may d
040 _aPPAK
_beng
_cPPAK
_erda
082 0 4 _a899.23
_223
090 0 0 _a899.23
_bZAI
_dKK
100 0 _aZaiton Ajamain,
_eauthor
245 1 0 _aHadiah sastera mastera:
_bpengiktirafan kesusasteraan serantau
264 1 _aKedah :
_bBahagian Koleksi Kedah, Perbadanan Perpustakaan Awam Kedah ,
_c2011
300 _a[4 pages] :
_billustrations ;
_c30 cm
336 _2rdacontent
_atext
337 _2rdamedia
_aunmediated
338 _2rdacarrier
_avolume
500 _aArtikel dari Majalah Dewan Sastera-Februari 2011
650 1 0 _aLiterature - Awards
942 _ddc
_cB
999 _c110574
_d110574